000 00624nam a2200205Ia 4500
001 4739
003 GE_BSU
008 181216s||||||||xx |||||||||||||| ||und||
040 _cGE_BSU
080 _a517(075.8)
100 _aСмирнов, В.И.
245 _aКурс высшей математики Учебное пособие для гос. ун-тов
250 _aТ.1 . Изд.7-ОЕ
260 _aМосква
260 _bТехнико- Теоретической лит-ры
260 _c1957
300 _a478 с. 22 см.
653 _aкурс высшей математики
942 _cBK
999 _c38606
_d38606